Invertebrate zoology / (Record no. 82752)
[ view plain ]
| 000 -LEADER | |
|---|---|
| fixed length control field | 00567nam a22001937a 4500 |
| 005 - DATE AND TIME OF LATEST TRANSACTION | |
| control field | 20140314142732.0 |
| 010 ## - LCCN (DPL NO) | |
| LC control number | ENG-109470 |
| 020 ## - INTERNATIONAL STANDARD BOOK NUMBER | |
| Terms of availability | 200.00 |
| 035 ## - SYSTEM CONTROL NUMBER | |
| System control number | EN-93003 |
| 037 ## - SOURCE OF ACQUISITION | |
| Source of stock number/acquisition | DBAD/PUB |
| 082 ## - DEWEY DECIMAL CLASSIFICATION NUMBER | |
| Classification number | 592 |
| 245 00 - TITLE STATEMENT | |
| Title | Invertebrate zoology / |
| Statement of responsibility, etc | by N.C. Nair...[et al] |
| 250 ## - EDITION STATEMENT | |
| Edition statement | 5th ed(repr.) |
| 260 ## - PUBLICATION, DISTRIBUTION, ETC. (IMPRINT) | |
| Place of publication, distribution, etc | Nagercoil |
| Name of publisher, distributor, etc | Saras Publicaton |
| Date of publication, distribution, etc | 2013 |
| 270 ## - ADDRESS | |
| Address | 114/35G, A.R.P. Camp Road, Periavilai, Kottar, Nagercoil |
| City | Kanyakumari |
| Postal code | 629002 |
| 300 ## - PHYSICAL DESCRIPTION | |
| Extent | xiv,538p. : |
| Dimensions | 22cm(pbk) |
| Other physical details | ill. |
| 700 ## - ADDED ENTRY--PERSONAL NAME | |
| Personal name | Nair,N.C. |
| 942 ## - ADDED ENTRY ELEMENTS (KOHA) | |
| Source of classification or shelving scheme | Dewey Decimal Classification |
| Item type | English Books |
| Call number suffix | INV |
| Classification part | 592 |
| Withdrawn status | Lost status | Not for loan | Collection code | Home library | Current library | Date acquired | Source of acquisition | Cost, normal purchase price | Full call number | Barcode | Copy number | Cost, replacement price | Koha item type |
|---|---|---|---|---|---|---|---|---|---|---|---|---|---|
| Not For Loan | Non-fiction | D.B.Act.Division | D.B.Act.Division | 25/02/2014 | DBAD/PUB | 200.00 | 592 INV | EN-93003 | 1 | 200.00 | English Books |
